Diccionario griego-español / (Record no. 11518)

MARC details
000 -LEADER
campo de control de longitud fija 01018nam a2200253 i 4500
001 - NÚMERO DE CONTROL
campo de control 11518
003 - IDENTIFICADOR DE NÚMERO DE CONTROL
campo de control ES-MaACL
005 - FECHA Y HORA DE LA ÚLTIMA TRANSACCIÓN
campo de control 20250817120120.0
007 - CAMPO FIJO DE DESCRIPCIÓN FÍSICA--INFORMACIÓN GENERAL
campo de control de longitud fija t|
008 - DATOS DE LONGITUD FIJA--INFORMACIÓN GENERAL
campo de control de longitud fija 010315m19809999sp ||||1| spa d
020 ## - NÚMERO INTERNACIONAL ESTÁNDAR DEL LIBRO
Número Internacional Estándar del Libro 84-00-06318-X
080 ## - NÚMERO DE LA CLASIFICACIÓN DECIMAL UNIVERSAL
Número de la Clasificación Decimal Universal 807.5-3=60
245 00 - MENCIÓN DEL TÍTULO
Título Diccionario griego-español /
Mención de responsabilidad, etc. redactado bajo la dirección de Francisco R. Adrados... por Elvira Gangutia... [et al.].
260 ## - PUBLICACIÓN, DISTRIBUCIÓN, ETC.
Lugar de publicación, distribución, etc. Madrid :
Nombre del editor, distribuidor, etc. Instituto "Antonio de Nebrija",
Fecha de publicación, distribución, etc. 1980-<2002>
300 ## - DESCRIPCIÓN FÍSICA
Extensión <6> v. ;
Dimensiones 28 cm.
500 ## - NOTA GENERAL
Nota general Tit. de la cub. Diccionario griego-español (DGE)
505 8# - NOTA DE CONTENIDO CON FORMATO
Nota de contenido con formato I: [a-alla]-- II: [alla-ponoinonetos]-- III: [apokoiteo-basileus]-- IV: [basileutos-daimon]-- V: [dainumi-dionisos]-- VI: [diosikeleuzos-ekpelekao]
650 14 - PUNTO DE ACCESO ADICIONAL DE MATERIA--TÉRMINO DE MATERIA
Término de materia o nombre geográfico como elemento de entrada Lengua griega-
Subdivisión de forma Diccionarios-
Subdivisión general Español.
9 (RLIN) 14242
700 1# - ENTRADA AGREGADA--NOMBRE PERSONAL
Nombre de persona Rodríguez Adrados, Francisco,
Fechas asociadas al nombre 1922-2020
9 (RLIN) 98318
700 1# - ENTRADA AGREGADA--NOMBRE PERSONAL
Nombre de persona Gangutia, Elvira.
9 (RLIN) 53860
710 2# - ENTRADA AGREGADA--NOMBRE DE ENTIDAD CORPORATIVA
Nombre de entidad corporativa o nombre de jurisdicción como elemento de entrada Instituto Antonio de Nebrija.
9 (RLIN) 4795
852 ## - LOCALIZACIÓN
Ubicación ES-MaACL
Número de control de estantería P-366
Sublocalización o colección R.113112
Holdings
Estatus retirado Estado de pérdida Estado de daño No para préstamo Colección Biblioteca de origen Biblioteca actual Ubicación en estantería Fecha de adquisición Fuente de adquisición Total de préstamos Signatura topográfica completa Código de barras Visto por última vez Precio de reemplazo Tipo de ítem Koha
        Colección de referencia Biblioteca del Ateneo de Madrid Biblioteca del Ateneo de Madrid Depósito 2 17/01/2008     P-366 1011741 23/02/2023 23/02/2023 Libro impreso